[Event "Titled Tuesday intern op 13th Feb Early"]
[Site "Chess.com INT"]
[Date "2024.02.13"]
[Round "5"]
[White "Moskvin, Anatoly"]
[Black "Ovetchkin, Roman"]
[Result "1-0"]
[WhiteElo "2192"]
[BlackElo "2518"]
[PlyCount "77"]
[EventDate "2024.02.13"]
[EventType "swiss (blitz)"]
[EventRounds "11"]
[EventCountry "USA"]
[SourceTitle "CB08_2024"]
[SourceDate "2024.02.21"]
[SourceVersion "1"]
[SourceVersionDate "2024.02.21"]
[SourceQuality "1"]

1. e4 c6 2. c4 d5 3. exd5 cxd5 4. cxd5 Nf6 5. Nc3 Nxd5 6. Nf3 Nxc3 7. bxc3 g6 8. Bc4 Bg7 9. 0-0 0-0 10. Re1 Nc6 11. a4 Bg4 12. Be2 Rc8 13. Ba3 Re8 14. h3 Be6 15. Ng5 Bd5 16. c4 Bxa1 17. Qxa1 Be6 18. Nxe6 fxe6 19. Bg4 Nd4 20. Bb2 Rxc4 21. Rxe6 Qd5 22. Qe1 Kf7 23. Re5 Qd6 24. Qe4 Rd8 25. Be6+ Qxe6 26. Rxe6 Nxe6 27. Qxc4 Rxd2 28. Bc3 Rc2 29. f4 Rc1+ 30. Kh2 Rc2 31. Qb3 Rf2 32. Be5 h5 33. Qxb7 h4 34. Qd5 Rf1 35. a5 a6 36. Qc4 Rf2 37. Kg1 Rd2 38. Qxa6 Rxg2+ 39. Kxg2 1-0

[Event "Titled Tuesday intern op 13th Feb Early"]
[Site "Chess.com INT"]
[Date "2024.02.13"]
[Round "11"]
[White "Zirkelbach, Maj"]
[Black "Ovetchkin, Roman"]
[Result "1-0"]
[WhiteElo "2261"]
[BlackElo "2518"]
[PlyCount "61"]
[EventDate "2024.02.13"]
[EventType "swiss (blitz)"]
[EventRounds "11"]
[EventCountry "USA"]
[SourceTitle "CB08_2024"]
[SourceDate "2024.02.21"]
[SourceVersion "1"]
[SourceVersionDate "2024.02.21"]
[SourceQuality "1"]

1. d4 Nf6 2. c4 c5 3. d5 b5 4. cxb5 a6 5. Nc3 axb5 6. Nxb5 Ba6 7. Nc3 g6 8. Nf3 Bg7 9. e4 Bxf1 10. Kxf1 0-0 11. e5 Ne8 12. g3 d6 13. Qe2 Nd7 14. Bf4 Nb6 15. Rd1 Na4 16. Kg2 Nxc3 17. bxc3 Ra3 18. c4 Qa8 19. Rd2 dxe5 20. Nxe5 e6 21. Nd7 Nf6 22. Nxf8 exd5 23. cxd5 Nxd5 24. f3 Bxf8 25. Rhd1 Nc3 26. Qe5 Nxd1 27. Rxd1 Rxa2+ 28. Kh3 Qxf3 29. Rd8 Qf1+ 30. Kg4 h5+ 31. Kg5 1-0

[Event "Titled Tuesday intern op 16th Jan Early"]
[Site "Chess.com INT"]
[Date "2024.01.16"]
[Round "2"]
[White "Ovetchkin, Roman"]
[Black "Lazavik, Denis"]
[Result "0-1"]
[WhiteElo "2518"]
[BlackElo "2566"]
[PlyCount "72"]
[EventDate "2024.01.16"]
[EventType "swiss (blitz)"]
[EventRounds "11"]
[EventCountry "USA"]
[SourceTitle "CB04_2024"]
[SourceDate "2023.10.16"]
[SourceVersion "1"]
[SourceVersionDate "2023.10.16"]
[SourceQuality "1"]

1. d4 f5 2. c4 Nf6 3. Nc3 d6 4. Nf3 g6 5. g3 Bg7 6. Bg2 0-0 7. 0-0 c6 8. Re1 Na6 9. a3 Qc7 10. e4 fxe4 11. Nxe4 Nxe4 12. Rxe4 Bf5 13. Re1 e5 14. dxe5 dxe5 15. Be3 Rad8 16. Qa4 e4 17. Ng5 Qe7 18. c5 Rde8 19. g4 Bxg4 20. Nxe4 Be6 21. Bg5 Qd7 22. Rad1 Bd5 23. Bh4 Kh8 24. Bg3 Bxb2 25. Nd6 Rxe1+ 26. Rxe1 Bxg2 27. Kxg2 Bf6 28. Qc4 Nc7 29. h3 Nd5 30. h4 b5 31. Qe4 a5 32. Rh1 Qe7 33. Qd3 b4 34. h5 gxh5 35. Rxh5 Qg7 36. axb4 Nf4+ 0-1

[Event "Titled Tuesday intern op 16th Jan Early"]
[Site "Chess.com INT"]
[Date "2024.01.16"]
[Round "1"]
[White "Ovetchkin, Roman"]
[Black "Petrukhina, Olga"]
[Result "1-0"]
[WhiteElo "2518"]
[BlackElo "2100"]
[PlyCount "55"]
[EventDate "2024.01.16"]
[EventType "swiss (blitz)"]
[EventRounds "11"]
[EventCountry "USA"]
[SourceTitle "CB04_2024"]
[SourceDate "2023.10.16"]
[SourceVersion "1"]
[SourceVersionDate "2023.10.16"]
[SourceQuality "1"]

1. d4 e6 2. c4 d5 3. Nf3 Nf6 4. g3 Be7 5. Bg2 0-0 6. Qc2 c5 7. 0-0 cxd4 8. Nxd4 Nc6 9. Nf3 d4 10. a3 a5 11. Rd1 e5 12. e3 Bg4 13. h3 Bxf3 14. Bxf3 Bc5 15. Nc3 Qe7 16. Nd5 Nxd5 17. cxd5 Na7 18. e4 Rac8 19. Bg4 Rc7 20. Qa4 b6 21. Bd2 Nc8 22. b4 axb4 23. axb4 Bd6 24. Rac1 Rxc1 25. Rxc1 Bb8 26. Rxc8 Rxc8 27. Bxc8 Qc7 28. Qe8# 1-0

[Event "Titled Tuesday intern op 19th Dec Early"]
[Site "Chess.com INT"]
[Date "2023.12.19"]
[Round "8"]
[White "Bluebaum, Matthias"]
[Black "Ovetchkin, Roman"]
[Result "1-0"]
[WhiteElo "2670"]
[BlackElo "2518"]
[PlyCount "61"]
[EventDate "2023.12.19"]
[EventType "swiss (blitz)"]
[EventRounds "11"]
[EventCountry "USA"]
[SourceTitle "CB52_2023"]
[SourceDate "2023.12.27"]
[SourceVersion "1"]
[SourceVersionDate "2023.12.27"]
[SourceQuality "1"]

1. d4 Nf6 2. c4 c5 3. d5 b5 4. cxb5 a6 5. bxa6 g6 6. Nc3 Bg7 7. a7 Rxa7 8. e4 d6 9. Nf3 0-0 10. Be2 Ba6 11. 0-0 Bxe2 12. Qxe2 Nfd7 13. a4 Na6 14. Bd2 Nc7 15. Rfb1 Qa8 16. b4 Rb8 17. bxc5 Nxc5 18. Rxb8+ Qxb8 19. Rb1 Rb7 20. Rxb7 Qxb7 21. a5 Qb2 22. Nd1 Qb1 23. e5 dxe5 24. Be3 Nb3 25. Nd2 Nxd2 26. Qxd2 Qb5 27. h3 f5 28. d6 exd6 29. Qxd6 Nd5 30. a6 Qd3 31. Qe6+ 1-0

[Event "Cheliabinsk Shusharin Memorial Rapid"]
[Site "Cheliabinsk"]
[Date "2023.11.16"]
[Round "11"]
[White "Ponkratov, Pavel"]
[Black "Ovetchkin, Roman"]
[Result "1-0"]
[WhiteElo "2608"]
[BlackElo "2518"]
[PlyCount "110"]
[EventDate "2023.11.15"]
[EventType "swiss (rapid)"]
[EventRounds "11"]
[EventCountry "RUS"]
[SourceTitle "CB47_2023"]
[SourceDate "2023.11.22"]
[SourceVersion "1"]
[SourceVersionDate "2023.11.22"]
[SourceQuality "1"]

1. e4 c6 2. d4 d5 3. e5 Bf5 4. Nd2 e6 5. Nb3 Nd7 6. Be2 c5 7. dxc5 Bxc5 8. Nxc5 Qa5+ 9. c3 Qxc5 10. Be3 Qc7 11. f4 Ne7 12. Nf3 0-0 13. 0-0 Be4 14. Nd4 a6 15. a4 Nf5 16. Bf2 Rae8 17. Nxf5 Bxf5 18. Rc1 Rd8 19. b4 f6 20. exf6 Nxf6 21. Bd4 Qf7 22. Qd2 Qg6 23. Rce1 Be4 24. Bd1 h5 25. Re3 Bf5 26. Qe1 Rf7 27. Qh4 Bg4 28. Bxg4 Qxg4 29. Qxg4 hxg4 30. Rxe6 Ne4 31. Be5 Rc8 32. Rg6 Nxc3 33. Rxg4 d4 34. Rf3 Ne4 35. Bxd4 Rd7 36. Be3 Rd1+ 37. Rf1 Rd3 38. Bb6 Rc2 39. f5 Nf6 40. Rgf4 Rdd2 41. R4f2 Nd5 42. Rxd2 Rxd2 43. Ba7 Nxb4 44. h3 Nd5 45. Rb1 Ra2 46. Rxb7 Rxa4 47. Kf2 Ra2+ 48. Kf3 Ra3+ 49. Ke4 Nf6+ 50. Kf4 Ra4+ 51. Kg3 Ne4+ 52. Kf3 Nd6 53. Rb8+ Kf7 54. g4 Ra3+ 55. Kf4 Rxh3 1-0

[Event "Cheliabinsk Shusharin Memorial Rapid"]
[Site "Cheliabinsk"]
[Date "2023.11.15"]
[Round "5"]
[White "Ovetchkin, Roman"]
[Black "Kezin, Roman"]
[Result "0-1"]
[WhiteElo "2518"]
[BlackElo "2505"]
[PlyCount "68"]
[EventDate "2023.11.15"]
[EventType "swiss (rapid)"]
[EventRounds "11"]
[EventCountry "RUS"]
[SourceTitle "CB47_2023"]
[SourceDate "2023.11.22"]
[SourceVersion "1"]
[SourceVersionDate "2023.11.22"]
[SourceQuality "1"]

1. e4 c5 2. Nf3 e6 3. d4 cxd4 4. Nxd4 Nc6 5. Nc3 Qc7 6. g3 a6 7. Bg2 h5 8. 0-0 h4 9. Nxc6 bxc6 10. Na4 Bb7 11. c4 c5 12. Bf4 d6 13. Re1 Nf6 14. Qe2 Nd7 15. Rad1 Be7 16. b3 Ne5 17. Bc1 Nc6 18. Bb2 Bf6 19. Bxf6 gxf6 20. Nc3 Nd4 21. Qd3 hxg3 22. hxg3 e5 23. f3 Ke7 24. Kf2 Rag8 25. Rh1 Qd8 26. Bh3 Rh6 27. Bf5 Rgh8 28. Kg2 Qg8 29. Rxh6 Rxh6 30. Rg1 Qh8 31. Kf2 Rh2+ 32. Rg2 Qh6 33. Qd1 Rh1 34. Qd3 Qc1 0-1

[Event "Titled Tuesday intern op 14th Nov Early"]
[Site "Chess.com INT"]
[Date "2023.11.14"]
[Round "9"]
[White "Madaminov, Mukhiddin"]
[Black "Ovetchkin, Roman"]
[Result "1-0"]
[WhiteElo "2494"]
[BlackElo "2518"]
[PlyCount "59"]
[EventDate "2023.11.14"]
[EventType "swiss (blitz)"]
[EventRounds "11"]
[EventCountry "USA"]
[SourceTitle "CB47_2023"]
[SourceDate "2023.11.22"]
[SourceVersion "1"]
[SourceVersionDate "2023.11.22"]
[SourceQuality "1"]

1. e4 c6 2. Nf3 d5 3. Nc3 Bg4 4. h3 Bxf3 5. Qxf3 e6 6. Be2 g6 7. d4 Bg7 8. Be3 Nd7 9. 0-0 Ne7 10. a4 0-0 11. Rfd1 h6 12. Bf1 f5 13. exd5 exd5 14. Ne2 f4 15. Bd2 g5 16. Bb4 Rf7 17. Bxe7 Qxe7 18. Nc1 Qb4 19. Nb3 Re8 20. Qc3 Qxc3 21. bxc3 f3 22. Re1 Rxe1 23. Rxe1 fxg2 24. Kxg2 Nb6 25. a5 Na4 26. Re3 Bf8 27. c4 Kg7 28. cxd5 cxd5 29. Bb5 Nc3 30. Rxc3 1-0

[Event "Titled Tuesday intern op 14th Nov Early"]
[Site "Chess.com INT"]
[Date "2023.11.14"]
[Round "6"]
[White "Manukian, Artak"]
[Black "Ovetchkin, Roman"]
[Result "0-1"]
[WhiteElo "2196"]
[BlackElo "2518"]
[PlyCount "84"]
[EventDate "2023.11.14"]
[EventType "swiss (blitz)"]
[EventRounds "11"]
[EventCountry "USA"]
[SourceTitle "CB47_2023"]
[SourceDate "2023.11.22"]
[SourceVersion "1"]
[SourceVersionDate "2023.11.22"]
[SourceQuality "1"]

1. e4 c6 2. d4 d5 3. e5 Bf5 4. c4 e6 5. Nc3 Ne7 6. Nf3 Nd7 7. Nh4 dxc4 8. Bxc4 Nb6 9. Bb3 h6 10. Nxf5 Nxf5 11. Be3 Qh4 12. 0-0 0-0-0 13. g3 Qe7 14. a4 a5 15. Rc1 Kb8 16. Ne4 Qb4 17. Bd2 Qxd4 18. Bxa5 Ka7 19. Bc3 Qxd1 20. Rfxd1 Rxd1+ 21. Rxd1 Nd5 22. Bxd5 exd5 23. Nd6 Bxd6 24. exd6 f6 25. Bb4 Rd8 26. a5 Nxd6 27. Bc5+ Ka6 28. b4 Ne4 29. Bd4 Kb5 30. f3 Nd6 31. Bc5 Nc4 32. Re1 d4 33. Rd1 d3 34. Kf2 Nxa5 35. Be7 Rd7 36. bxa5 Rxe7 37. Rxd3 Kxa5 38. h4 b5 39. Rd8 c5 40. g4 c4 41. Rb8 c3 42. h5 b4 0-1

[Event "Titled Tuesday intern op 14th Nov Early"]
[Site "Chess.com INT"]
[Date "2023.11.14"]
[Round "8"]
[White "Molenda, Marcin"]
[Black "Ovetchkin, Roman"]
[Result "0-1"]
[WhiteElo "2387"]
[BlackElo "2518"]
[PlyCount "82"]
[EventDate "2023.11.14"]
[EventType "swiss (blitz)"]
[EventRounds "11"]
[EventCountry "USA"]
[SourceTitle "CB47_2023"]
[SourceDate "2023.11.22"]
[SourceVersion "1"]
[SourceVersionDate "2023.11.22"]
[SourceQuality "1"]

1. e4 c6 2. d4 d5 3. e5 Bf5 4. Nf3 e6 5. Be2 Ne7 6. 0-0 Nc8 7. Nbd2 Be7 8. a4 0-0 9. a5 a6 10. Re1 Na7 11. c3 c5 12. Nf1 Nbc6 13. dxc5 Bxc5 14. b4 Be7 15. Be3 Rc8 16. Qd2 Qc7 17. Bb6 Qb8 18. Ng3 Bg4 19. h3 Bxf3 20. Bxf3 Nb5 21. Qe3 d4 22. cxd4 Nxb4 23. Qe4 Nd5 24. Nh5 g6 25. Nf4 Nbc3 26. Nxd5 Nxd5 27. Rac1 Rxc1 28. Rxc1 Rc8 29. Qb1 Nxb6 30. axb6 Bd8 31. Rxc8 Qxc8 32. d5 exd5 33. Bxd5 Qc5 34. Qb3 Bxb6 35. Qf3 Qe7 36. Bxb7 a5 37. Bd5 Kg7 38. Qe4 Qc5 39. Qf3 Qe7 40. Qe4 Bc5 41. Kf1 Qa7 0-1

[Event "Titled Tuesday intern op 26th Sep Early"]
[Site "Chess.com INT"]
[Date "2023.09.26"]
[Round "7"]
[White "Zenin, Dmitri"]
[Black "Ovetchkin, Roman"]
[Result "0-1"]
[WhiteElo "2163"]
[BlackElo "2518"]
[PlyCount "54"]
[EventDate "2023.09.26"]
[EventType "swiss (blitz)"]
[EventRounds "11"]
[EventCountry "USA"]
[SourceTitle "EXT 2024"]
[Source "ChessBase"]
[SourceDate "2023.10.10"]
[SourceVersion "1"]
[SourceVersionDate "2023.10.10"]
[SourceQuality "1"]

1. d4 Nf6 2. c4 c5 3. d5 b5 4. cxb5 a6 5. bxa6 g6 6. Nc3 Bg7 7. Nf3 0-0 8. g3 d6 9. Bg2 Nbd7 10. 0-0 Nb6 11. Ne1 Rxa6 12. Nc2 Ng4 13. e4 Ne5 14. Ne3 Ra8 15. Re1 Ba6 16. Bf1 Bxf1 17. Rxf1 Qc8 18. Kg2 Qa6 19. Qc2 Qd3 20. Rd1 Qxc2 21. Nxc2 Nec4 22. Rd3 Na4 23. Nxa4 Rxa4 24. a3 Nxb2 25. Bxb2 Bxb2 26. Rb1 Bf6 27. Rdb3 Rxe4 0-1

[Event "Titled Tuesday intern op 19th Sep Early"]
[Site "Chess.com INT"]
[Date "2023.09.19"]
[Round "8"]
[White "Mendonca, Leon Luke"]
[Black "Ovetchkin, Roman"]
[Result "0-1"]
[WhiteElo "2622"]
[BlackElo "2518"]
[PlyCount "74"]
[EventDate "2023.09.19"]
[EventType "swiss (blitz)"]
[EventRounds "11"]
[EventCountry "USA"]
[SourceTitle "EXT 2024"]
[Source "ChessBase"]
[SourceDate "2023.10.10"]
[SourceVersion "1"]
[SourceVersionDate "2023.10.10"]
[SourceQuality "1"]

1. e4 c6 2. Nf3 d5 3. Nc3 Bg4 4. h3 Bxf3 5. Qxf3 e6 6. Be2 Nf6 7. 0-0 Bb4 8. exd5 cxd5 9. Nd1 0-0 10. c3 Bd6 11. d4 Ne4 12. Bd3 f5 13. Bf4 Nc6 14. Bxd6 Qxd6 15. Re1 Rf6 16. Qe2 a6 17. Ne3 Raf8 18. f3 Ng3 19. Qf2 Rg6 20. Nf1 Rff6 21. Rad1 Nxf1 22. Bxf1 Qf4 23. c4 Rg3 24. Qe3 Qxe3+ 25. Rxe3 f4 26. Rc3 Rg5 27. a3 Rfg6 28. Rd2 Kf7 29. b4 Ne7 30. cxd5 Nxd5 31. Rc8 Rg3 32. Rb8 b5 33. Rb7+ Kf6 34. Bd3 Rh6 35. Kh2 Ne3 36. Rb6 Rh5 37. d5 Rxd5 0-1